000 00852nam a2200229 4500
001 117925
003 ES-MaACL
005 20250707074011.0
007 t|
008 070214s1954 sp r ||||1| spa d
100 1 _aPereña, Luciano.
_990516
245 1 0 _aUniversidad de Salamanca :
_bforja del pensamiento político español en el siglo XVI /
_cLuciano Pereña.
260 _aSalamanca :
_bUniversidad de Salamanca,
_c1954.
300 _a170 p. ;
_c24 cm.
490 1 _aActa salmanticensia. Historia de la Universidad ;
_vt. I ;
_v2
610 2 4 _aUniversidad de Salamanca-
_xHistoria.
_97276
650 0 0 _aPolítica-
_zEspaña-
_yS.XVI.
_916271
710 2 _aUniversidad de Salamanca.
_97275
830 1 0 _aActa Salmanticensia. Historia de la Universidad
_vt. I ;
_v2
_9178181
852 _aES-MaACL
_jC-7768
999 _c117925
_d117925